Le sacrifice du matin / (Record no. 32755)

MARC details
000 -LEADER
campo de control de longitud fija 00461nam a2200169 i 4500
001 - NÚMERO DE CONTROL
campo de control 32755
003 - IDENTIFICADOR DE NÚMERO DE CONTROL
campo de control ES-MaACL
005 - FECHA Y HORA DE LA ÚLTIMA TRANSACCIÓN
campo de control 20230906154629.0
007 - CAMPO FIJO DE DESCRIPCIÓN FÍSICA--INFORMACIÓN GENERAL
campo de control de longitud fija t|
008 - DATOS DE LONGITUD FIJA--INFORMACIÓN GENERAL
campo de control de longitud fija 030131s1946 fr ||||1| fre d
100 1# - ENTRADA PRINCIPAL--NOMBRE DE PERSONA
Nombre de persona Benouville, Guillain de.
9 (RLIN) 27766
245 13 - MENCIÓN DEL TÍTULO
Título Le sacrifice du matin /
Mención de responsabilidad, etc. Guillain de Benouville.
250 ## - MENCION DE EDICION
Mención de edición 23ème ed.
260 ## - PUBLICACIÓN, DISTRIBUCIÓN, ETC.
Lugar de publicación, distribución, etc. Paris :
Nombre del editor, distribuidor, etc. Robert Laffont,
Fecha de publicación, distribución, etc. [1946]
300 ## - DESCRIPCIÓN FÍSICA
Extensión 607 p. ;
Dimensiones 19 cm.
852 ## - LOCALIZACIÓN
Ubicación ES-MaACL
Número de control de estantería B-10662
Sublocalización o colección R.22572
Holdings
Estatus retirado Estado de pérdida Estado de daño No para préstamo Biblioteca de origen Biblioteca actual Ubicación en estantería Fecha de adquisición Fuente de adquisición Total de préstamos Signatura topográfica completa Código de barras Visto por última vez Precio de reemplazo Tipo de ítem Koha
        Biblioteca del Ateneo de Madrid Biblioteca del Ateneo de Madrid Sala Pardo Bazán 17/01/2008     B-10662 1033983 23/02/2023 23/02/2023 Libro impreso